000 00833nam a22002177a 4500
003 BDDh-ASL
005 20231120154739.0
008 231120s2013 nyu||||| |||| 00| 0 eng d
040 _cBDDh-ASL
041 _aeng
082 _a954
_bROY
110 1 _aCambridge University Press, London.
_98229
245 1 0 _aTransactions of the Royal Historical Society:
_bVolume- XXIII./
260 _aLondon:
_bCambridge University Press,
_c2013.
300 _a296 p.:
_c22 c.m.
440 _aRoyal Historical Society: Sixth Series
_98344
_n 23
504 _aInclude Bibliographical References.
650 0 _aHistory (ইতিহাস)
_94586
650 0 _aHistory and Heritage (ইতিহাস ও ঐতিহ্য) , ইতিহাস, History, Etihas, Itihas O Oitijjo, Etihash O Aitijjaya , Aitijjha
_97488
942 _2ddc
_cBK
999 _c34436
_d34436